| 000 | 01424nam a22002657a 4500 | ||
|---|---|---|---|
| 003 | CO-CtgCURN | ||
| 005 | 20250503153440.0 | ||
| 008 | 250503b |||||||| |||| 00| 0 eng d | ||
| 020 | _a9789588843087. | ||
| 040 |
_aCO-CtgCURN _bspa _ccoctgcurn |
||
| 082 |
_a615.5 _bG643 2014 |
||
| 100 | _aGonzález Agudelo, Marco Antonio | ||
| 245 |
_aManual de terapéutica 2014-2015 / _cMarco Antonio González Agudelo; William Darío Lopera Lotero; Álvaro Arango Villa. |
||
| 250 | _aDécimo sexta edición | ||
| 260 |
_aMedellín : _bCorporación para las Investigaciones Biológicas- CIB, _c2014. |
||
| 300 |
_a762 páginas, _btablas, _c16 cm. |
||
| 500 | _aContiene: glosario, anexos, índices y siglario. | ||
| 505 | _aAnalgésicos, antinflamatorios y esteroides. Anestesia: guía básica. Antídotos. Antibacterianos. Antimicóticos. Antiparasitarios. Agentes antivirales. Cardiología. Dermatología. Dislipidemias. Endocrinología. Gastroenterología. Ginecología. Hematología. Hidratación. Inmunizaciones. Neumología. Neurología. Nutrición. Obstetricia. Oftalmología. Oncología. Psiquiatría. Urología. Vitaminas. | ||
| 650 | _aManual de terapéutica. | ||
| 650 | _aFarmacología | ||
| 650 |
_aPlan Obligatorio de Salud -POS _xMedicamentos _zColombia. |
||
| 700 | _aLopera Lotero, William Darío | ||
| 700 | _aArango Villa, Álvaro | ||
| 942 |
_2ddc _cBK _h615.5 _iG643 2014 _n0 |
||
| 999 |
_c48024 _d48024 |
||